000 00325nam a2200145Ia 4500
008 230917s9999||||xx |||||||||||||| ||und||
040 _e46683
_aMAIN
041 _aEnglish
082 _a410 S38S
100 _aSrivastava, R N
245 0 _aLiteracy
260 _aDelhi
_bKalinga
_c1993
300 _avi, 243 p.
942 _cBK
999 _c95551
_d95551